Christian Mission (Record no. 9662)

MARC details
000 -LEADER
fixed length control field 00651nam a2200265 a 4500
020 ## - INTERNATIONAL STANDARD BOOK NUMBER
ISBN 0570753
082 00 - DEWEY DECIMAL CLASSIFICATION NUMBER
Classification number 266.2
Author Cutter NEE
100 ## - MAIN ENTRY--AUTHOR NAME
Author name Neely, Alan
245 ## - TITLE STATEMENT
Title Christian Mission
Sub title Case Study Approach
260 ## - PUBLICATION, DISTRIBUTION, ETC. (IMPRINT)
Place of publication New York
Name of publisher Orbis Books
Year of publication 1995
300 ## - PHYSICAL DESCRIPTION
Number of Pages 295p
500 ## - GENERAL NOTE
General note includes index and biblioraphy
505 2# - FORMATTED CONTENTS NOTE
Formatted contents note Index
650 ## - SUBJECT ADDED ENTRY--TOPICAL TERM
Topical Term Missions
650 ## - SUBJECT ADDED ENTRY--TOPICAL TERM
Topical Term Christian-Education
650 ## - SUBJECT ADDED ENTRY--TOPICAL TERM
Topical Term Comparative Religion
942 ## - ADDED ENTRY ELEMENTS (KOHA)
Koha item type Books
700 1# -
-- Neely, Alan
Holdings
Collection code Home library Current library Date acquired Cost, normal purchase price Full call number Accession Number Koha item type
  Henry Martyn Institute Library Henry Martyn Institute Library 07/12/2007 940.00 266.2 NEE 017105 Books
                   Copyright © 2026 | Henry Martyn Institute | Hyderabad | TS-500052 | INDIA | Implemented by hmi.edu.in
Hit-Count:

Powered by Koha